[Event "Iceland Championship"]
[Site "Hafnarfjordur, Iceland"]
[Date "2001.09.08"]
[Round "9"]
[White "Thorfinnsson, Bragi"]
[Black "Kristjansson, Stefan"]
[Result "0-1"]
[WhiteElo "2371"]
[BlackElo "2380"]
[Time "08:27:53"]
[TimeControl "7200+0"]

1. d4 Nf6 2. c4 e6 3. g3 d5 4. Nf3 Be7 5. Bg2 O-O 6. O-O dxc4 7. Qc2 a6 8.
a4 Bd7 9. Qxc4 Bc6 10. Bg5 a5 11. Nc3 Na6 12. Bxf6 Bxf6 13. e4 Nb4 14. Rad1
b6 15. d5 exd5 16. exd5 Bb7 17. Nd4 Bxd4 18. Rxd4 Qd7 19. Rfd1 Rae8 20. h4
Re5 21. Nb5 Na6 22. Kh2 Nc5 23. Qc2 Ba6 24. Nc3 Qd6 25. Rf4 Rfe8 26. Rd2 g6
27. Nd1 f5 28. Nc3 R8e7 29. Bf3 Nd7 30. b4 axb4 31. Na2 b3 32. Qxb3 Nc5 33.
Qc2 Ne4 34. Rd1 h6 35. Kg2 g5 36. hxg5 hxg5 37. Rxf5 Rxf5 38. Bxe4 Rf6 39.
Nc3 Qc5 40. d6 Rxd6 41. Bd5+ Kg7 42. Qb2 Kf8 43. Ne4 Rxe4 44. Qh8+ Ke7 45.
Qh7+ Kd8 46. Qxe4 Bb7 47. Bxb7 Rxd1 48. Bc6 Qe7 49. Qc4 Qh7 50. Kf3 Qd3+ 51.
Qxd3+ Rxd3+ 52. Kg4 Rc3 53. Bd5 Ke7 54. Kf5 Rc5 55. Ke4 c6 56. Bg8 Kf6
{Black wins}
0-1

[Event "Iceland Championship"]
[Site "Hafnarfjordur, Iceland"]
[Date "2001.09.08"]
[Round "9"]
[White "Bjornsson, Sigurbjorn"]
[Black "Ptacnikova, Lenka"]
[Result "1/2-1/2"]
[ICCResult "Game drawn by mutual agreement"]
[WhiteElo "2297"]
[BlackElo "2272"]
[Time "08:27:18"]
[TimeControl "7200+0"]

1. d4 Nf6 2. Nf3 e6 3. c4 Bb4+ 4. Bd2 Qe7 5. g3 Nc6 6. Bg2 Bxd2+ 7. Nbxd2 d6
8. e4 e5 9. d5 Nb8 10. O-O O-O 11. Ne1 Bg4 12. f3 Bd7 13. Qc2 a5 14. Nd3 Na6
15. Qc3 Nc5 16. Nxc5 dxc5 17. Rae1 b5 18. cxb5 Bxb5 19. Rf2 c6 20. dxc6 Rfc8
21. Nc4 Bxc4 22. Qxc4 Rxc6 23. Rc1 Rb8 24. a3 Qc7 25. Rfc2 Nd7 26. Bh3 Nb6
27. Qb5 Nd7 28. Qa4 Nf8 29. Qc4 Rd8 30. Qb5 Rb8 31. Qe2 Rb3 32. Rc3 Rxc3
33. Rxc3 Rb6 34. Qf2 Qd6 35. Qc5 Qd1+ 36. Bf1 Rxb2 37. Qe3 a4 38. Rc8 Rb1 
39. Qf2 Rb3 40. Kg2 Qd4 41. Qxd4 exd4 42. Rd8 Rxa3 43. Kf2 Rc3 44. Rxd4 a3 45. Ra4 Rc2+ 46. Ke3 a2
47. Bd3 Rxh2 48. Be2 h5 49. Rxa2 Rg2 50. Ra5 g6 51. g4 {Game drawn by mutual agreement}
1/2-1/2

[Event "Iceland Championship"]
[Site "Hafnarfjordur, Iceland"]
[Date "2001.09.08"]
[Round "9"]
[White "Gunnarsson, Arnar"]
[Black "Vidarsson, Jon"]
[Result "0-1"]
[ICCResult "White resigns"]
[WhiteElo "2263"]
[BlackElo "2359"]
[Time "08:25:06"]
[TimeControl "7200+0"]

1. d4 Nf6 2. Nf3 b6 3. Bg5 Bb7 4. Nbd2 d5 5. e3 e6 6. Bd3 Be7 7. Ne5 Nfd7 8.
Bxe7 Qxe7 9. f4 Nxe5 10. fxe5 Ba6 11. Bxa6 Nxa6 12. c3 c6 13. O-O Nc7 14.
Qa4 Qd7 15. Rf3 O-O 16. Raf1 a5 17. Rh3 f5 18. exf6 Rxf6 19. Nf3 Raf8 20.
Re1 Qe8 21. e4 dxe4 22. Ng5 Qg6 23. Nxh7 Rf2 24. g3 Qf5 25. Nxf8 Qf3 26.
Rh8+ Kf7 {White resigns} 0-1

[Event "Iceland Championship"]
[Site "Hafnarfjordur, Iceland"]
[Date "2001.09.08"]
[Round "9"]
[White "Thorhallsson, Throstur"]
[Black "Gunnarsson, Jon"]
[Result "1-0"]
[WhiteElo "2456"]
[BlackElo "2404"]
[Time "08:25:58"]
[TimeControl "7200+0"]

1. e4 e6 2. d4 d5 3. Nc3 Nf6 4. e5 Nfd7 5. f4 c5 6. Nf3 Nc6 7. Be3 cxd4 8.
Nxd4 Bc5 9. Qd2 Nxd4 10. Bxd4 a6 11. O-O-O b5 12. Ne4 Be7 13. Ng5 h6 14. Nf3
Nc5 15. Qe3 Qc7 16. Kb1 Bb7 17. h4 b4 18. h5 a5 19. Bb5+ Bc6 20. Bxc5 Bxb5
21. Bxe7 Qxe7 22. Nd4 Bd7 23. g4 a4 24. f5 a3 25. b3 Rc8 26. Rhf1 Qg5 27.
Qe1 Rc3 28. Ne2 Rc8 29. Qxb4 exf5 30. gxf5 Bxf5 31. Nd4 Bd7 32. Nb5 Be6 33. Nd6+ Kd7 34. Nxf7

[Event "Iceland Championship"]
[Site "Hafnarfjordur, Iceland"]
[Date "2001.09.08"]
[Round "9"]
[White "Stefansson, Hannes"]
[Black "Thorfinnsson, Bjorn"]
[Result "1-0"]
[ICCResult "Black resigns"]
[WhiteElo "2586"]
[BlackElo "2220"]
[Time "08:26:39"]
[TimeControl "7200+0"]

1. e4 e5 2. Nf3 Nc6 3. Bb5 a6 4. Ba4 Nf6 5. O-O b5 6. Bb3 Bb7 7. Re1 Bc5 8.
c3 d6 9. d4 Bb6 10. Be3 h6 11. h3 g5 12. Nbd2 Rg8 13. dxe5 Bxe3 14. exf6 Bf4
15. Bd5 Qxf6 16. Nd4 Nd8 17. Bxb7 Nxb7 18. N2f3 h5 19. Nc6 Kf8 20. e5 Qh6
21. exd6 Qxd6 22. Ne7 g4 23. Nxg8 gxf3 24. Qxf3 Kxg8 25. Rad1 {Black
resigns} 1-0

[Event "Iceland Championship"]
[Site "Hafnarfjordur, Iceland"]
[Date "2001.08.31"]
[Round "1"]
[White "Kristjansson, Stefan"]
[Black "Ptacnikova, Lenka"]
[Result "1/2-1/2"]
[WhiteElo "2380"]
[BlackElo "2272"]
[PlyCount "134"]
[EventDate "2001.??.??"]

1. e4 c5 2. Nf3 Nc6 3. Bb5 g6 4. Bxc6 bxc6 5. O-O f6 6. d3 d6 7. h3 Nh6 8. Nc3
Nf7 9. Be3 Bg7 10. Nh2 O-O 11. f4 f5 12. exf5 gxf5 13. Qh5 Rb8 14. Nd1 Bd7 15.
Rb1 Qe8 16. Kh1 Nd8 17. Qh4 Bf6 18. Qe1 Kh8 19. Bd2 Ne6 20. Ne3 Nd4 21. c3 Nb5
22. g4 Bg7 23. Qh4 Qf7 24. Nf3 fxg4 25. hxg4 Bf6 26. Qh2 Qxa2 27. g5 Bg7 28. c4
Nd4 29. g6 h6 30. Bc3 Kg8 31. Nxd4 cxd4 32. Bxd4 Qb3 33. Bc3 d5 34. f5 d4 35.
Ng4 Rfd8 36. Bxd4 Qxd3 37. Bxg7 Qe4+ 38. Qg2 Qxg2+ 39. Kxg2 Kxg7 40. b4 Rf8 41.
Ne3 e6 42. Rbd1 Be8 43. Rd6 Rf6 44. Ng4 Rxf5 45. Rxf5 exf5 46. Ne5 Rxb4 47. Re6
Rb8 48. Kg3 Rd8 49. Kf4 Rd4+ 50. Kxf5 Bd7 51. Nxd7 Rxd7 52. Rxc6 a5 53. c5 a4
54. Rd6 Ra7 55. c6 Ra5+ 56. Ke6 a3 57. c7 a2 58. Rd1 Rc5 59. Kd7 Kxg6 60. c8=Q
Rxc8 61. Kxc8 h5 62. Kd7 Kf5 63. Ra1 h4 64. Rxa2 Kf4 65. Ke6 h3 66. Ra3 Kg4
67. Ra4+ Kg3 68. Ra3+ Kg2 69. Ra2+ Kg1 70. Kf5 h2 71. Kg4 h1=Q 72.Ra1+ {Game drawn} 1/2-1/2

[Event "Iceland Championship"]
[Site "Hafnarfjordur, Iceland"]
[Date "2001.08.31"]
[Round "1"]
[White "Gunnarsson, Jon"]
[Black "Thorfinnsson, Bragi"]
[Result "1-0"]
[WhiteElo "2404"]
[BlackElo "2371"]
[PlyCount "87"]
[EventDate "2001.??.??"]

1. e4 e5 2. Bc4 Nf6 3. d3 d5 4. exd5 Nxd5 5. Nf3 Nc6 6. O-O Nb6 7. Bb5 Bd6 8.
Re1 f6 9. d4 O-O 10. Bxc6 bxc6 11. dxe5 fxe5 12. Ng5 Qf6 13. Ne4 Qg6 14. f3 Ba6
15. Kh1 Rad8 16. Qd2 Bc4 17. Qe3 Bd5 18. Nbd2 Rf4 19. c4 Bxe4 20. Nxe4 Bb4 21.
Rf1 Rdf8 22. Qd3 Rh4 23. Be3 Be7 24. Rad1 Qh5 25. Bg1 Qf7 26. b3 Rh6 27. h3 a5
28. Bh2 Re6 29. Qc3 Qh5 30. Qxa5 c5 31. Qc3 Bd6 32. Rd2 Nc8 33. Qe3 h6 34. Nxc5
Rg6 35. Ne4 Bb4 36. Rd5 Nd6 37. Rxe5 Nf5 38. Qd3 Bd6 39. Nxd6 cxd6 40. Qd5+ Kh7
41. Re4 Qg5 42. Rg4 Qe7 43. Rxg6 Kxg6 44. g4 {Black resigns} 1-0

[Event "Iceland Championship"]
[Site "Hafnarfjordur, Iceland"]
[Date "2001.08.31"]
[Round "1"]
[White "Vidarsson, Jon"]
[Black "Thorhallsson, Throstur"]
[Result "0-1"]
[WhiteElo "2359"]
[BlackElo "2465"]
[PlyCount "60"]
[EventDate "2001.??.??"]

1. e4 e6 2. d4 d5 3. e5 c5 4. f4 cxd4 5. Nf3 Nc6 6. Bd3 Qa5+ 7. Nbd2 Nb4 8. O-O
Nxd3 9. cxd3 Ne7 10. Nb3 Qb6 11. Kh1 Nc6 12. Nfxd4 a5 13. Be3 a4 14. Nc2 Qa6
15. Nbd4 Be7 16. Rc1 Bd7 17. Qd2 O-O 18. b4 axb3 19. axb3 Nxd4 20. Nxd4 Rfc8
21. h3 Bb5 22. Rxc8+ Rxc8 23. Nxb5 Qxb5 24. Rb1 Bb4 25. Qe2 h6 26. Rc1 Rxc1+
27. Bxc1 Qc5 28. Bb2 Bc3 29. Kh2 Bxb2 30. Qxb2 Qe3 {White forfeits on time} 0-1

[Event "Iceland Championship"]
[Site "Hafnarfjordur, Iceland"]
[Date "2001.08.31"]
[Round "1"]
[White "Thorfinnsson, Bjorn"]
[Black "Gunnarsson, Arnar"]
[Result "1/2-1/2"]
[WhiteElo "2220"]
[BlackElo "2263"]
[PlyCount "149"]
[EventDate "2001.??.??"]

1. d4 d5 2. Nf3 Bg4 3. Ne5 Bf5 4. c4 f6 5. Nf3 e6 6. Nc3 c6 7. Qb3 Qb6 8. c5
Qxb3 9. axb3 Na6 10. e4 dxe4 11. Bxa6 bxa6 12. Nd2 O-O-O 13. Nc4 e5 14. dxe5
Bxc5 15. Be3 Bxe3 16. fxe3 fxe5 17. O-O Ne7 18. Rxa6 Kb7 19. Ra5 Bg6 20. Na4
Rd5 21. Nc5+ Kb8 22. Rfa1 Nc8 23. Nxe5 Kc7 24. Nc4 Re8 25. b4 Re7 26. Ra6 Bh5
27. Na5 Rd6 28. Nab3 Rf6 29. Nd4 Be8 30. g4 Kb8 31. Nf5 Re5 32. Nxg7 Rg6 33.
Nxe8 Rxe8 34. Kh1 Rd8 35. Nb3 Rd3 36. Nd4 Kb7 37. R6a3 Rd2 38. Nb3 Rxb2 39.
Nc5+ Kc7 40. Rd1 Rxg4 41. Rd7+ Kb8 42. Rb7+ Ka8 43. Ra1 Rh4 44. Rc7 Rhxh2+ 45.
Kg1 Rbg2+ 46. Kf1 Rg8 47. Ra6 Rb2 48. Nxe4 Rxb4 49. Nd6 Kb8 50. Rcxc6 Nb6 51.
Ra5 Rb1+ 52. Ke2 Rb2+ 53. Kf3 Nd7 54. Rh5 Rf8+ 55. Kg3 Nf6 56. Rf5 Rb6 57.
Rxb6+ axb6 58. Kh4 Nd7 59. e4 Rxf5 60. exf5 Kc7 61. Nb5+ Kc6 62. Na7+ Kd6 63.
Kg5 Ke5 64. Nc6+ Kd6 65. Na7 Ke5 66. Nc6+ Ke4 67. Na7 Ne5 68. Kh6 Kxf5 69. Nc8
Nf7+ 70. Kxh7 b5 71. Na7 Ng5+ 72. Kg8 b4 73. Nc6 b3 74. Nd4+ Ke4 75. Nxb3 {
Game drawn} 1/2-1/2

[Event "Iceland Championship"]
[Site "Hafnarfjordur, Iceland"]
[Date "2001.08.31"]
[Round "1"]
[White "Bjornsson, Sigurbjorn"]
[Black "Stefansson, Hannes"]
[Result "0-1"]
[WhiteElo "2297"]
[BlackElo "2586"]
[PlyCount "86"]
[EventDate "2001.??.??"]

1. e4 c5 2. Nf3 e6 3. d4 cxd4 4. Nxd4 a6 5. Nc3 Qc7 6. Be2 Nf6 7. O-O Be7 8.
Be3 d6 9. f4 b5 10. a3 Bb7 11. Bd3 Nbd7 12. Kh1 O-O 13. Qf3 Nc5 14. Rae1 Nfd7
15. Qg3 Rfe8 16. f5 Bf6 17. fxe6 fxe6 18. Nde2 Qd8 19. Rd1 Qe7 20. Qh3 Ne5 21.
Nf4 g6 22. b4 Nexd3 23. cxd3 Bxc3 24. bxc5 dxc5 25. Rc1 Bd4 26. Bxd4 cxd4 27.
Nxe6 Bc8 28. Rc7 Qxc7 29. Nxc7 Bxh3 30. Nxe8 Rxe8 31. gxh3 Rf8 32. Rc1 Rf3 33.
Rc6 a5 34. Rc5 Rxd3 35. Rxb5 Rxa3 36. Kg2 a4 37. Rd5 Rd3 38. Ra5 a3 39. Ra7
Rd2+ 40. Kg3 a2 41. Kf4 Rf2+ 42. Ke5 d3 43. Ke6 Rc2 {Black wins} 0-1

[Event "Iceland Championship"]
[Site "Hafnarfjordur, Iceland"]
[Date "2001.09.01"]
[Round "2"]
[White "Kristjansson, Stefan"]
[Black "Gunnarsson, Jon"]
[Result "1-0"]
[WhiteElo "2380"]
[BlackElo "2404"]
[PlyCount "58"]
[EventDate "2001.??.??"]

1. e4 e6 2. d4 d5 3. Nd2 Nf6 4. e5 Nfd7 5. Bd3 c5 6. c3 Nc6 7. Ne2 cxd4 8. cxd4
f6 9. Nf4 Nxd4 10. Qh5+ Ke7 11. Ng6+ hxg6 12. exf6+ Nxf6 13. Qxh8 e5 14. Bxg6
e4 15. O-O Ne2+ 16. Kh1 Nf4 17. Bh7 Qc7 18. f3 Kf7 19. fxe4 Bg4 20. Nf3 Nd3 21.
Ng5+ Ke7 22. exd5 Qc2 23. Bxd3 Qxd3 24. Bf4 Kd7 25. Ne6 Bxe6 26. dxe6+ Kxe6 27.
Rae1+ Kf7 28. Bg5 Qg6 29. Bxf6 gxf6 1-0

[Event "Iceland Championship"]
[Site "Hafnarfjordur, Iceland"]
[Date "2001.09.01"]
[Round "2"]
[White "Gunnarsson, Arnar"]
[Black "Bjornsson, Sigurbjorn"]
[Result "1/2-1/2"]
[WhiteElo "2263"]
[BlackElo "2272"]
[PlyCount "115"]
[EventDate "2001.??.??"]

1. e4 e5 2. Nf3 Nc6 3. Bc4 Bc5 4. O-O Nf6 5. d3 d6 6. h3 h6 7. c3 a6 8. Be3
Bxe3 9. fxe3 O-O 10. Bb3 d5 11. exd5 Nxd5 12. Qe1 Be6 13. d4 exd4 14. exd4 Re8
15. Qg3 Ne3 16. Rf2 Qd7 17. Nbd2 Bxb3 18. Nxb3 b6 19. Nh4 Re6 20. Re2 Rae8 21.
Rae1 Qe7 22. Nd2 Nd8 23. Ndf3 Qf6 24. Rf2 Nd5 25. Rxe6 Rxe6 26. Ne5 Qg5 27. Qf3
Qxh4 28. Qxd5 Qe7 29. b4 c5 30. bxc5 bxc5 31. Qa8 f6 32. Nf3 cxd4 33. cxd4 Kh7
34. Rc2 Nf7 35. Qd5 Ng5 36. Nh4 Re1+ 37. Kh2 Qe4 38. Qxe4+ Nxe4 39. Nf5 Kg6 40.
Nh4+ Kh7 41. Rc7 Rf1 42. g4 Rf2+ 43. Kg1 Rxa2 44. Nf5 Ng5 45. Rxg7+ Kh8 46. Rg6
Rd2 47. Kf1 Nf3 48. Rxh6+ Kg8 49. Nh4 Nxh4 50. Rxh4 Rxd4 51. Rh5 Rd3 52. Kg2
Ra3 53. Rc5 a5 54. Rc6 Kg7 55. h4 a4 56. Ra6 Ra1 57. Kh2 a3 58. Kg2 Ra2 59. Kg3 Ra1 60. Kg2 {Game drawn
} 1/2-1/2

[Event "Iceland Championship"]
[Site "Hafnarfjordur, Iceland"]
[Date "2001.09.01"]
[Round "2"]
[White "Ptacnikova, Lenka"]
[Black "Stefansson, Hannes"]
[Result "1/2-1/2"]
[WhiteElo "2272"]
[BlackElo "2586"]
[PlyCount "64"]
[EventDate "2001.??.??"]

1. e4 c5 2. Nf3 Nc6 3. d4 cxd4 4. Nxd4 Nf6 5. Nc3 d6 6. g3 g6 7. Nde2 b6 8. Bg2
Ba6 9. O-O Bg7 10. Re1 Rc8 11. a4 O-O 12. Nb5 Nd7 13. Rb1 Bb7 14. Bg5 Nc5 15.
b3 Ne5 16. Ned4 a6 17. Na3 Ned3 18. Nf5 gxf5 19. cxd3 fxe4 20. dxe4 Ne6 21. Be3
f5 22. exf5 Bxg2 23. Kxg2 Rxf5 24. Qd3 Re5 25. Qxa6 Nc5 26. Qc4+ d5 27. Qg4 Re4
28. Bf4 Rc6 29. Rxe4 Nxe4 30. Nb5 Qe8 31. Qd1 d4 32. Qf3 Nc3 {Game drawn}
1/2-1/2

[Event "Iceland Championship"]
[Site "Hafnarfjordur, Iceland"]
[Date "2001.09.01"]
[Round "2"]
[White "Thorfinnsson, Bragi"]
[Black "Vidarsson, Jon"]
[Result "1-0"]
[WhiteElo "2371"]
[BlackElo "2359"]
[PlyCount "123"]
[EventDate "2001.??.??"]

1. d4 Nf6 2. c4 e6 3. g3 Bb4+ 4. Bd2 Qe7 5. Bg2 Nc6 6. a3 Bxd2+ 7. Qxd2 e5 8.
d5 Nd4 9. Qd1 O-O 10. e3 Nf5 11. Ne2 c5 12. Nec3 d6 13. Nd2 Bd7 14. h4 Ne8 15.
Bf3 Nh6 16. g4 f5 17. gxf5 Nxf5 18. Be4 h6 19. h5 Qg5 20. Nf3 Qg4 21. Qe2 Nf6
22. Bc2 Rae8 23. Nd2 Ne7 24. f3 Qg3+ 25. Kd1 e4 26. Ncxe4 Nxe4 27. Bxe4 Nf5 28.
Kc2 Qe5 29. f4 Qf6 30. Rag1 Re7 31. Qd3 Rfe8 32. Rg6 Qf8 33. Rhg1 Kh8 34. Kc1
Nh4 35. Rxd6 Rxe4 36. Nxe4 Bf5 37. Re6 Bxe6 38. dxe6 Rxe6 39. Nc3 Nf5 40. e4
Nd4 41. Nd5 Qf7 42. f5 Re8 43. Rg6 Nc6 44. Qe3 Ne5 45. Rxh6+ gxh6 46. Qxh6+ Qh7
47. Qxh7+ Kxh7 48. Nf6+ Kh6 49. Nxe8 Nxc4 50. f6 Ne5 51. Nd6 Kxh5 52. f7 Nd7
53. e5 Nf8 54. Kd2 Kg6 55. Kd3 Kg7 56. Ke4 b6 57. Kf5 Ng6 58. e6 Ne7+ 59. Kg5
Kf8 60. Nf5 Nd5 61. Kg6 Nf4+ 62. Kf6 {White wins} 1-0

[Event "Iceland Championship"]
[Site "Hafnarfjordur, Iceland"]
[Date "2001.09.01"]
[Round "2"]
[White "Thorhallsson, Throstur"]
[Black "Thorfinnsson, Bjorn"]
[Result "1/2-1/2"]
[WhiteElo "2456"]
[BlackElo "2220"]
[PlyCount "57"]
[EventDate "2001.??.??"]

1. e4 e5 2. Bc4 Nc6 3. Nf3 Bc5 4. c3 Nf6 5. d3 d6 6. a4 a5 7. h3 h6 8. Nbd2 Qe7
9. Qe2 Nh5 10. Nb3 Bb6 11. d4 g5 12. g3 Nf6 13. d5 Nb8 14. Be3 Bxe3 15. Qxe3 c6 
b16. dxc6 bxc6 17. h4 g4 
18. Nfd2 Qa7 19. Qe2 O-O 20. O-O d5 21. Bd3
Re8 22. Kg2 Nbd7 23. f3 Nf8 24. Rae1 Rb8 25. Qd1 Be6 26. Bc2 Qb6 27. Qe2 N8d7
28. fxg4 {Game drawn} 1/2-1/2

[Event "Iceland Championship"]
[Site "Hafnarfjordur, Iceland"]
[Date "2001.09.02"]
[Round "3"]
[White "Stefansson, Hannes"]
[Black "Gunnarsson, Arnar"]
[Result "1-0"]
[WhiteElo "2586"]
[BlackElo "2263"]

1. e4 e5 2. Nf3 Nc6 3. Bb5 a6 4. Ba4 Nf6 5. O-O b5 6. Bb3 Be7 7. Re1 d6 8.
c3 O-O 9. h3 Nb8 10. d4 Nbd7 11. Nbd2 Bb7 12. Bc2 Re8 13. Nf1 exd4 14. cxd4
c5 15. Ng3 Bf8 16. Bg5 h6 17. Bf4 Qb6 18. Qd2 cxd4 19. Nxd4 d5 20. e5 Ne4
21. Nxe4 dxe4 22. Bxe4 Bxe4 23. Rxe4 Rad8 24. Nf5 Qg6 25. g4 Nc5 26. Rd4 Ne6
27. Rxd8 Rxd8 28. Qe3 h5 29. Qf3 Nd4 30. Nxd4 Rxd4 31. Kg2 Qe6 32. gxh5 Bc5
33. Rc1 Rc4 34. Rd1 f5 35. Rd8+ Kh7 36. Qa8

[Event "Iceland Championship"]
[Site "Hafnarfjordur, Iceland"]
[Date "2001.09.02"]
[Round "3"]
[White "Vidarsson Jon"]
[Black "Kristjansson Stefan"]
[Result "1/2-1/2"]
[WhiteElo "2359"]
[BlackElo "2380"]

1. e4 e6 2. d4 d5 3. e5 c5 4. f4 Nc6 5. Nf3 Qb6 6. Bd3 Bd7 7. O-O Nge7 8.
Kh1 cxd4 9. a3 a5 10. b3 Nf5 11. Bxf5 exf5 12. Bb2 Bc5 13. a4 O-O 14. Na3
Bxa3 15. Rxa3 Rfc8 16. Bxd4 Qa6 17. Ra1 b5 18. axb5 Qxb5 19. Be3 Be6 20. Ra4
Qa6 21. Rf2 Rab8 {Game drawn by mutual agreement} 1/2-1/2

[Event "Iceland Championship"]
[Site "Hafnarfjordur, Iceland"]
[Date "2001.09.02"]
[Round "3"]
[White "Thorfinnsson, Bjorn"]
[Black "Thorfinnson, Bragi"]
[Result "1-0"]
[WhiteElo "2220"]
[BlackElo "2371"]

1. d4 d5 2. Nf3 c6 3. Bg5 h6 4. Bh4 Qb6 5. b3 Bf5 6. e3 Nd7 7. Bd3 Bxd3 8.
Qxd3 e6 9. Nbd2 Be7 10. Bg3 Ngf6 11. Ne5 Nxe5 12. Bxe5 a5 13. a4 Qa6 14. c4
Bb4 15. Bxf6 gxf6 16. Ke2 O-O-O 17. Rhc1 Kb8 18. cxd5 Qxd3+ 19. Kxd3 Bxd2
20. Kxd2 Rxd5 21. Ke2 Rhd8 22. Rc5 e5 23. Rxd5 Rxd5 24. Rd1 Kc7 25. Kd3 c5
26. Kc4 Kc6 27. f4 exd4 28. exd4 f5 29. Rd3 Rxd4+ 30. Rxd4 cxd4 31. Kxd4 Kd6
32. Kc4 Kc6 33. b4 b6 34. bxa5 bxa5 35. g3 h5 36. h3 Kd6 37. Kb5 Kd5 38.
Kxa5 Ke4 39. Kb4 Kf3 40. a5 Kxg3 41. a6 h4 42. a7 Kxh3 43. a8=Q Kh2 44. Qf3
h3 45. Kc3 {Black resigns} 1-0

[Event "Iceland Championship"]
[Site "Hafnarfjordur, Iceland"]
[Date "2001.09.02"]
[Round "3"]
[White "Bjornsson, Sigurbjorn"]
[Black "Thorhallsson, Throstur"]
[Result "0-1"]
[WhiteElo "2297"]
[BlackElo "2456"]

1. e4 e6 2. d4 d5 3. Nc3 Nf6 4. Bg5 dxe4 5. Nxe4 Be7 6. Nxf6+ Bxf6 7. Bxf6
Qxf6 8. Nf3 b6 9. Bb5+ c6 10. Bd3 Nd7 11. Qe2 Bb7 12. O-O-O O-O-O 13. Ba6
Bxa6 14. Qxa6+ Kb8 15. Rd3 Qf4+ 16. Kb1 Qc7 17. Rhd1 Rhe8 18. Ng5 Nf6 19. g3
h6 20. Nh3 Rd5 21. R3d2 Rb5 22. a4 Ra5 23. Qc4 Qb7 24. Nf4 Qa6 25. Qxa6 Rxa6
26. Nd3 Kb7 27. Ne5 Rf8 28. c3 Rxa4 29. b3 Ra5 30. c4 Kc7 31. b4 Ra4 32. Rb2
Ne4 33. Kc2 f6 34. Kb3 fxe5 {White resigns} 0-1

[Event "Iceland Championship"]
[Site "Hafnarfjordur, Iceland"]
[Date "2001.09.02"]
[Round "3"]
[White "Gunnarsson, Jon"]
[Black "Ptacnikova, Lenka"]
[Result "1-0"]
[WhiteElo "2404"]
[BlackElo "2272"]

1. e4 c5 2. Nf3 Nc6 3. d4 cxd4 4. Nxd4 Nf6 5. Nc3 e6 6. Ndb5 Bb4 7. a3 Bxc3+
8. Nxc3 d5 9. exd5 exd5 10. Bd3 O-O 11. O-O d4 12. Ne4 Nxe4 13. Bxe4 Be6 14.
Qf3 Rc8 15. Re1 Qd7 16. Bf4 Bf5 17. Qd3 Bxe4 18. Rxe4 Rfe8 19. Rae1 Rxe4 20.
Qxe4 h6 21. f3 Rd8 22. Qd3 Re8 23. Rd1 Qe6 24. Bg3 a6 25. Bf2 Qc8 26. b4 Rd8
27. f4 Qg4 28. g3 g5 29. Re1 gxf4 30. Re4 Qg5 31. Rxf4 Ne5 32. Qe2 Ng6 33.
Rxd4 Qc1+ 34. Kg2 Rc8 35. c4 Qxa3 36. h4 Qxb4 37. h5 {Black resigns} 1-0

[Event "Iceland Championship"]
[Site "Hafnarfjordur, Iceland"]
[Date "2001.09.03"]
[Round "4"]
[White "Thorfinnsson, Bragi"]
[Black "Bjornsson, Sigurbjorn"]
[Result "1-0"]
[ICCResult "Black resigns"]
[WhiteElo "2371"]
[BlackElo "2297"]
[Time "12:34:47"]
[TimeControl "7200+0"]

1. d4 Nf6 2. c4 g6 3. Nc3 Bg7 4. e4 d6 5. f4 O-O 6. Nf3 c5 7. d5 e6 8. Be2
exd5 9. e5 Nfd7 10. cxd5 dxe5 11. O-O Re8 12. d6 Nb6 13. a4 e4 14. Ng5 Bd4+
15. Kh1 Bd7 16. Qb3 Be6 17. Nxe6 Rxe6 18. f5 gxf5 19. Rxf5 Nc6 20. Nb5 Bg7
21. Bh5 Kh8 22. Bg5 f6 23. Qxe6 fxg5 24. Qxe4 Nd4 25. Nxd4 cxd4 26. Qe7
{Black resigns}
1-0

[Event "Iceland Championship"]
[Site "Hafnarfjordur, Iceland"]
[Date "2001.09.03"]
[Round "4"]
[White "Kristjansson, Stefan"]
[Black "Thorfinnsson, Bjorn"]
[Result "1/2-1/2"]
[ICCResult "Game drawn by mutual agreement"]
[WhiteElo "2380"]
[BlackElo "2220"]
[Time "12:36:36"]
[TimeControl "7200+0"]

1. d4 Nf6 2. c4 e6 3. Nf3 b6 4. g3 Ba6 5. b3 Bb4+ 6. Bd2 Be7 7. Bg2 c6 8.
O-O O-O 9. Bc3 d5 10. Ne5 Nfd7 11. Nxd7 Nxd7 12. Nd2 Rc8 13. e4 b5 14. Re1
bxc4 15. bxc4 Bxc4 16. Nxc4 dxc4 17. Qe2 Nb6 18. a4 c5 19. d5 exd5 20. exd5
Bf6 21. Bxf6 Qxf6 22. a5 Nd7 23. Qe7 Rcd8 24. d6 c3 25. Bh3 Nb8 26. Qxf6
gxf6 27. Rac1 Rxd6 28. Rxc3 Nd7 29. Rb1 Re8 30. Rb7 Re1+ 31. Kg2 Ne5 32. Bf5
Rd2 33. Rc2 Rxc2 34. Bxc2 Ra1 35. Rxa7 Nc6 36. Rc7 Nd4 37. Rxc5 Nxc2 38.
Rxc2 Rxa5 {Game drawn by mutual agreement} 1/2-1/2

[Event "Iceland Championship"]
[Site "Hafnarfjordur, Iceland"]
[Date "2001.09.03"]
[Round "4"]
[White "Ptacnikova, Lenka"]
[Black "Gunnarsson, Arnar"]
[Result "1-0"]
[ICCResult "Black resigns"]
[WhiteElo "2272"]
[BlackElo "2263"]
[Time "12:37:13"]
[TimeControl "7200+0"]

1. e4 e5 2. Nf3 Nc6 3. Bb5 a6 4. Ba4 Nf6 5. O-O b5 6. Bb3 Be7 7. Re1 O-O 8.
c3 d6 9. h3 Nb8 10. d4 Nbd7 11. Nbd2 Bb7 12. Bc2 Re8 13. Nf1 Bf8 14. Ng3 g6
15. a4 exd4 16. cxd4 c5 17. Bf4 Qb6 18. Re2 Rac8 19. Qd2 b4 20. a5 Qb5 21.
Qd1 Bc6 22. d5 Ba8 23. Ba4 Qb7 24. Bg5 Bg7 25. Qd2 Qc7 26. Qf4 Nxd5 27. exd5
Rxe2 28. Nxe2 Bxd5 29. Bxd7 Qxd7 30. Bf6 Bxf6 31. Qxf6 Re8 32. Nf4 Bxf3 33.
gxf3 Qb7 34. Qxd6 Qxf3 35. Rf1 c4 36. Ng2 c3 37. Qxb4 cxb2 38. Qxb2 Qxh3 39.
Qf6 Qd3 40. Rc1 Rb8 41. Ne3 Rb1 42. Rxb1 Qxb1+ 43. Kg2 Qd3 44. Ng4 Qd2 45.
Qxa6 Qg5 46. Qc8+ Kg7 47. Qc3+ Kg8 48. Kh3 f5 49. Nf6+ Kf7 50. Qc7+ Ke6 51.
Qd7+ Ke5 52. Qd5+ {Black resigns} 1-0

[Event "Iceland Championship"]
[Site "Hafnarfjordur, Iceland"]
[Date "2001.09.03"]
[Round "4"]
[White "Thorhallsson, Throstur"]
[Black "Stefansson, Hannes"]
[Result "1/2-1/2"]
[ICCResult "Game drawn by mutual agreement"]
[WhiteElo "2456"]
[BlackElo "2586"]
[Time "12:38:06"]
[TimeControl "7200+0"]

1. e4 c5 2. Nf3 Nc6 3. d4 cxd4 4. Nxd4 e6 5. Nb5 d6 6. c4 Nf6 7. N5c3 Be7 8.
g3 b6 9. Bg2 Bb7 10. O-O O-O 11. b3 Qc7 12. Bb2 Rad8 13. Na3 Qb8
{Game drawn by mutual agreement}
1/2-1/2

[Event "Iceland Championship"]
[Site "Hafnarfjordur, Iceland"]
[Date "2001.09.03"]
[Round "4"]
[White "Gunnarsson, Jon"]
[Black "Vidarsson, Jon"]
[Result "1/2-1/2"]
[ICCResult "Game drawn by mutual agreement"]
[WhiteElo "2404"]
[BlackElo "2359"]
[Time "12:38:34"]
[TimeControl "7200+0"]

1. e4 b6 2. d4 Bb7 3. Nc3 e6 4. Bd3 Nf6 5. Qe2 d5 6. Nf3 dxe4 7. Nxe4 Nxe4
8. Bxe4 Bxe4 9. Qxe4 Qd5 10. Qe2 Bd6 11. O-O O-O 12. c4 Qh5 13. h3 Nd7 14.
Be3 e5 15. Qc2 Rfe8 16. dxe5 {Game drawn by mutual agreement} 1/2-1/2